[Event "Bad Zwesten op"]
[Site "Bad Zwesten"]
[Date "1997.??.??"]
[Round "3"]
[White "Yermolinsky, Alex"]
[Black "Glienke, Manfred"]
[Result "1-0"]
[WhiteElo "2630"]
[BlackElo "2390"]

1.Nf3 d5 2.d4 Nf6 3.c4 e6 4.Nc3 Be7 5.Bg5 O-O 6.e3 Nbd7 7.Rc1 b6 8.cxd5 exd5
9.Bb5 Bb7 10.O-O c6 11.Ba4 Re8 12.Qd3 Rc8 13.Qf5 g6 14.Qh3 b5 15.Bc2 b4 16.Na4 Ne4
17.Bxe7 Qxe7 18.Bxe4 dxe4 19.Nd2 c5 20.Nxc5 Nxc5 21.dxc5 Rxc5 22.Rxc5 Qxc5
23.Nb3 Qd6 24.Nd4 Rc8 25.Qg4 Rc5 26.Rd1 h5 27.Qe2 Ba6 28.Qe1 Rd5 29.Rc1 Rc5
30.h4 Bd3 31.Nb3 Rc4 32.Rxc4 Bxc4 33.Nd4 a5 34.b3 Bd3 35.Qc1 Qd8 36.Qc5 Bb1
37.g3 Bd3 38.Kg2 Bb1 39.Kf1 Qa8 40.Nc6 Qa6+ 41.Kg1 Bxa2 42.Nxa5 Qd3 43.Qxb4 Qd1+
44.Kh2 Bb1 45.Nc6 Qc2 46.Ne7+ Kg7 47.Kg2 Qe2 48.Qd4+ f6 49.Qd7 Qf3+ 50.Kg1 g5
51.Qe8 Qd1+ 52.Kh2 Qxb3 53.Nf5+  1-0

[Event "Bad Zwesten op"]
[Site "Bad Zwesten"]
[Date "1997.??.??"]
[Round "4"]
[White "Lobzhanidze, Davit"]
[Black "Yermolinsky, Alex"]
[Result "0-1"]
[WhiteElo "2375"]
[BlackElo "2630"]

1.e4 c5 2.Nf3 d6 3.d4 cxd4 4.Nxd4 Nf6 5.Nc3 Nc6 6.Bg5 e6 7.Qd2 a6 8.O-O-O Bd7
9.f4 b5 10.Bxf6 gxf6 11.Nxc6 Bxc6 12.Qe3 Qe7 13.Bd3 b4 14.Ne2 Qa7 15.Qh3 h5
16.Rhe1 Qc5 17.Kb1 a5 18.f5 e5 19.Ng3 h4 20.Nf1 Ke7 21.Nd2 a4 22.Bc4 Bh6
23.Bd5 Rac8 24.Bxc6 Rxc6 25.Qd3 Rhc8 26.Rc1 a3 27.b3 Qc3 28.Qxc3 Rxc3 29.Re2 Bxd2
30.Rxd2 Re3 31.Rf1 Rxe4 32.Kc1 Re3 33.Kd1 Rec3 34.Rff2 R8c5 35.Rfe2 d5 36.Rd4 e4
37.Rxb4 Kd6 38.Ra4 Ke5 39.Rxa3 d4 40.Ra7 e3 41.Rxf7 Kxf5 42.Rd7 Kg5 43.Rh7 f5
44.g3 hxg3 45.hxg3 Kg4 46.Rh4+ Kf3 47.Rxd4 Kxg3 48.Rd8 f4 49.Rg8+ Kf3 50.Rh2 Rc8
51.Rg7 R3c7 52.Rg6 Rd7+ 53.Kc1 Re8 54.Rh3+ Ke4 55.Rg2 Ree7 56.Rgh2 f3 57.Rh4+ Kd5
58.Rh1 e2  0-1

[Event "Bad Zwesten op"]
[Site "Bad Zwesten"]
[Date "1997.??.??"]
[Round "7"]
[White "Yermolinsky, Alex"]
[Black "Luther, Thomas"]
[Result "1-0"]
[WhiteElo "2630"]
[BlackElo "2520"]

1.Nf3 d5 2.d4 e6 3.c4 Nf6 4.Nc3 c6 5.Bg5 h6 6.Bxf6 Qxf6 7.Qc2 Nd7 8.e4 dxe4
9.Qxe4 g6 10.Bd3 Bg7 11.O-O O-O 12.Rfe1 c5 13.d5 Nb6 14.d6 Qd8 15.Qf4 g5
16.Qg3 Bd7 17.Rad1 Bxc3 18.bxc3 f6 19.h4 Rf7 20.Nh2 Qf8 21.f4 Qg7 22.hxg5 fxg5
23.fxg5 Qxg5 24.Qxg5+ hxg5 25.Re5 Na4 26.Ng4 Kf8 27.Rxg5  1-0

[Event "Chicago op"]
[Site "Chicago"]
[Date "1997.??.??"]
[Round "3"]
[White "Yermolinsky, Alex"]
[Black "Zelkind, Eduard"]
[Result "1-0"]
[WhiteElo "2630"]
[BlackElo "2325"]

1.d4 e6 2.c4 f5 3.g3 Nf6 4.Bg2 Be7 5.Nf3 d6 6.O-O O-O 7.Nc3 Qe8 8.Re1 Qg6
9.e4 Nxe4 10.Nxe4 fxe4 11.Rxe4 Nc6 12.Re1 e5 13.dxe5 Bg4 14.h3 Bxf3 15.Bxf3 Nxe5
16.Be4 Qf6 17.f4 Nc6 18.Be3 Rae8 19.Qd2 Kh8 20.Kg2 d5 21.Qxd5 Qxb2+ 22.Bf2 Bb4
23.Red1 Bc3 24.Rab1 Qxa2 25.Qd3 Rxe4 26.Qxe4 Bd4 27.Rxd4 Nxd4 28.Rxb7 Ne2
29.Rxa7 Qb2 30.Ra8  1-0

[Event "Chicago op"]
[Site "Chicago"]
[Date "1997.??.??"]
[Round "6"]
[White "Yermolinsky, Alex"]
[Black "Reprintsev, Alexander"]
[Result "1/2-1/2"]
[WhiteElo "2630"]
[BlackElo "2425"]

1.d4 d5 2.Nf3 Bf5 3.c4 e6 4.Nc3 c6 5.Qb3 Qb6 6.c5 Qxb3 7.axb3 h6 8.e3 g5
9.b4 Bg7 10.b5 Ne7 11.Be2 Nd7 12.O-O O-O 13.b4 e5 14.Bb2 g4 15.Nxe5 Nxe5
16.dxe5 Ng6 17.bxc6 bxc6 18.b5 Rfb8 19.Ra2 Nxe5 20.Rfa1 Nd7 21.b6 Nxc5 22.Rxa7 Rxa7
23.bxa7 Ra8 24.Nd1 Bf8 25.f3 Bc2 26.Nf2 gxf3 27.gxf3 Na4 28.Be5 Rxa7 29.Rc1 Re7
30.f4 Bf5 31.Rxc6 Re6 32.Rc7 Bg7 33.Nd3 Rg6+ 34.Kf2 Be4 35.Bxg7 Rxg7 36.Ne5 Rg2+
37.Kf1 Rxh2 38.Nxf7 Nb2 39.Ne5 Rh1+ 40.Kf2 Nd1+ 41.Bxd1 Rxd1 42.Ng4 Kf8 43.Nxh6 d4
44.exd4 Rxd4 45.Kg3 Rd6 46.Nf7 Rc6 47.Ra7 Rb6 48.Ne5 Rb7 49.Ra4 Rg7+ 50.Kh4 Bf5
51.Kh5 Ke7 52.Kh6 Rg1 53.Nf3 Rg6+ 54.Kh5 Rg8  1/2-1/2

[Event "New York op"]
[Site "New York"]
[Date "1997.??.??"]
[Round "?"]
[White "Wedberg, Tom"]
[Black "Yermolinsky, Alex"]
[Result "1/2-1/2"]
[WhiteElo "2480"]
[BlackElo "2630"]

1.e4 c5 2.Nf3 d6 3.d4 cxd4 4.Nxd4 Nf6 5.Nc3 e6 6.g3 Be7 7.Bg2 O-O 8.O-O a6
9.a4 Nc6 10.Be3 Ne5 11.Qe2 Qc7 12.Rad1 Bd7 13.f4 Nc4 14.Bc1 e5 15.Nf5 Bxf5
16.exf5 Nxb2 17.Bxb2 Qb6+ 18.Kh1 Qxb2 19.Rd3 e4 20.Re3 Qb6 21.Nxe4 Qa5 22.g4 Nxe4
23.Rxe4 Bd8 24.Rd1 d5 25.Red4 Bb6 26.Qd2 Qxd2 27.R4xd2 d4 28.Bxb7 Ra7 29.Bd5 Re8
30.Rb1 Bc5 31.Bc6 Rc8 32.Bd5 Re7 33.Kg2 a5 34.Rb7 Rxb7 35.Bxb7 Re8 36.Bf3 Kf8
37.Rd3 Re3 38.Rxe3 dxe3 39.Be2 f6 40.Kf3 Ke7 41.g5 Bb6 42.Bc4 Kd6 43.c3 Ke7
44.Bg8 h6 45.h4 Ba7 46.Bc4 Bb6 47.Ke4 Kd6 48.Be2 Ba7 49.Kd3 Kd5 50.Bf3+ Kc5
51.Kxe3 Kc4+ 52.Ke4 Bf2 53.Be2+ Kc5 54.gxh6  1/2-1/2

[Event "New York op"]
[Site "New York"]
[Date "1997.??.??"]
[Round "?"]
[White "Yermolinsky, Alex"]
[Black "Nogueira, Ivan K"]
[Result "1-0"]
[WhiteElo "2630"]
[BlackElo "2295"]

1.d4 Nf6 2.c4 d6 3.Nc3 e5 4.Nf3 Nc6 5.d5 Ne7 6.e4 Ng6 7.g3 Be7 8.Bg2 O-O
9.O-O Ne8 10.Be3 f5 11.exf5 Bxf5 12.Nd2 Bg5 13.Bxg5 Qxg5 14.Nde4 Qh6 15.c5 Bh3
16.Qc1 Nf4 17.gxf4 Qg6 18.Ng3 Bxg2 19.f5 Rxf5 20.Kxg2 Rf4 21.Qb1 Qf7 22.Qd3 Nf6
23.cxd6 cxd6 24.Rad1 Qd7 25.f3 Rf8 26.a3 h6 27.Qg6 Rf7 28.Nce4 Rh4 29.Nf5 Nh5
30.Nxh6+ Kh8 31.Nxf7+ Kg8 32.Kh1  1-0

[Event "New York op"]
[Site "New York"]
[Date "1997.??.??"]
[Round "?"]
[White "Yermolinsky, Alex"]
[Black "Vaganian, Rafael A"]
[Result "1/2-1/2"]
[WhiteElo "2630"]
[BlackElo "2585"]

1.d4 d5 2.c4 e6 3.Nc3 Be7 4.Nf3 Nf6 5.Bg5 h6 6.Bh4 O-O 7.e3 b6 8.Bd3 Bb7
9.O-O Nbd7 10.Bg3 dxc4 11.Bxc4 a6 12.a4 Bd6 13.Qe2 Bxg3 14.hxg3 c5 15.Rfd1 Qe7
16.Ne5  1/2-1/2

[Event "Eastern op"]
[Site "Washington DC"]
[Date "1997.??.??"]
[Round "3"]
[White "Yermolinsky, Alex"]
[Black "Shliperman, Igor"]
[Result "1-0"]
[WhiteElo "2650"]
[BlackElo "2410"]

1.Nf3 Nf6 2.c4 e6 3.Nc3 Bb4 4.Qc2 c5 5.a3 Bxc3 6.Qxc3 b6 7.b4 d6 8.g3 O-O
9.Bg2 Bb7 10.Bb2 Nbd7 11.O-O Rc8 12.d3 Re8 13.e3 Nf8 14.Rfd1 Rc7 15.bxc5 bxc5
16.Qa5 N6d7 17.Rab1 Nb6 18.e4 Qa8 19.Nd2 e5 20.Nf1 f5 21.f3 Rf7 22.Ne3 g6
23.Nd5 Bxd5 24.exd5 f4 25.Qb5 g5 26.Bc3 h5 27.a4 g4 28.Rf1 Rb8 29.Qc6 Qxc6
30.dxc6 Re8 31.a5 Nc8 32.fxg4 fxg3 33.Rxf7 Kxf7 34.gxh5 gxh2+ 35.Kxh2 Ne6
36.Bd2 Rh8 37.h6 Nf4 38.Bxf4 exf4 39.Bh3 Rxh6 40.Rf1 Ke8 41.Rxf4 Rh7 42.Kg3 Rc7
43.Bd7+ Ke7 44.Kf3 a6 45.Ke4  1-0

[Event "Eastern op"]
[Site "Washington DC"]
[Date "1997.??.??"]
[Round "6"]
[White "Yermolinsky, Alex"]
[Black "Treger, Effim"]
[Result "1-0"]
[WhiteElo "2650"]
[BlackElo "2260"]

1.d4 Nf6 2.c4 g6 3.Nc3 d6 4.e4 Bg7 5.h3 O-O 6.Bg5 h6 7.Be3 Nbd7 8.Bd3 e5
9.d5 a5 10.Nge2 Nc5 11.Bc2 Bd7 12.Qd2 Kh7 13.O-O-O a4 14.g4 Ng8 15.Kb1 Ra5
16.Nb5 b6 17.Nec3 Ne7 18.Rhg1 Nc8 19.h4 Na7 20.h5 g5 21.Bxc5 bxc5 22.Bxa4 Nc8
23.Bc2 Nb6 24.b3 Qc8 25.f3 Qb7 26.Bd3 Rfa8 27.a3 Bxb5 28.Nxb5 Nc8 29.a4 c6
30.dxc6 Qxc6 31.Bc2 R5a6 32.f4 gxf4 33.g5 hxg5 34.Rxg5 Qd7 35.Rxg7+ Kxg7
36.Qg2+ Kf8 37.Rg1 Qe6 38.Qg7+ Ke7 39.h6 Qf6 40.Nc7 Qxg7 41.hxg7 Nb6 42.Nxa8 Rxa8
43.g8=Q  1-0

[Event "Eastern op"]
[Site "Washington DC"]
[Date "1997.??.??"]
[Round "7"]
[White "Fedorowicz, John P"]
[Black "Yermolinsky, Alex"]
[Result "1/2-1/2"]
[WhiteElo "2510"]
[BlackElo "2650"]

1.e4 c6 2.d4 d5 3.Nc3 dxe4 4.Nxe4 Bf5 5.Ng3 Bg6 6.Nf3 Nf6 7.h4 h6 8.h5 Bh7
9.Bd3 Bxd3 10.Qxd3 e6 11.Bd2 c5 12.Ne4 Nc6 13.Nxf6+ Qxf6 14.dxc5 Bxc5 15.Bc3  1/2-1/2

[Event "New York op"]
[Site "New York"]
[Date "1998.03.16"]
[Round "1"]
[White "Arnett, David A"]
[Black "Yermolinsky, Alex"]
[Result "0-1"]
[WhiteElo "2315"]
[BlackElo "2660"]

1.d4 Nf6 2.Nf3 g6 3.c4 Bg7 4.Nc3 O-O 5.g3 d5 6.cxd5 Nxd5 7.Bg2 Nxc3 8.bxc3 c5
9.O-O Nc6 10.e3 Qa5 11.Bb2 Rd8 12.Qe2 Be6 13.Rfd1 cxd4 14.Nxd4 Bd7 15.Nb3 Qc7
16.Nc5 Be8 17.c4 Ne5 18.Bd4 Bc6 19.f4 Bxg2 20.Kxg2 b6 21.Bxe5 Bxe5 22.fxe5 Qxc5
23.Rd4 Rac8 24.Rad1 Rxd4 25.Rxd4 Qxe5 26.Qd3 Rc5 27.a4 Ra5 28.Qc3 Kg7 29.Qa1 f6
30.Qa3 Qc5 31.Qxc5 bxc5 32.Rd7 Kf7 33.Rd5 Rxa4 34.Rxc5 Ra2+ 35.Kf3 Rxh2 36.Ra5 Rc2
37.c5 f5 38.g4 fxg4+ 39.Kxg4 Kf6 40.Kf3 h5 41.Ke4 h4 42.Kd3 Rc1 43.Kd2 h3  0-1

[Event "New York op"]
[Site "New York"]
[Date "1998.03.17"]
[Round "4"]
[White "Yermolinsky, Alex"]
[Black "Spraggett, Kevin"]
[Result "1/2-1/2"]
[WhiteElo "2660"]
[BlackElo "2565"]

1.e4 c5 2.Nf3 e6 3.Nc3 a6 4.g3 Nc6 5.Bg2 d6 6.O-O Be7 7.d4 cxd4 8.Nxd4 Bd7
9.Nxc6 Bxc6 10.a4 Nf6 11.Be3 Qc7 12.a5 O-O 13.Bb6 Qd7 14.Qe2 Rfc8 15.f4 Qe8
16.f5 Bd8 17.Bd4 e5 18.Be3 Bb5  1/2-1/2

[Event "New York op"]
[Site "New York"]
[Date "1998.03.18"]
[Round "5"]
[White "Novikov, Igor A"]
[Black "Yermolinsky, Alex"]
[Result "1/2-1/2"]
[WhiteElo "2550"]
[BlackElo "2660"]

1.d4 Nf6 2.c4 g6 3.Nc3 d5 4.Bf4 Bg7 5.e3 c5 6.dxc5 Qa5 7.Qa4+ Qxa4 8.Nxa4 Bd7
9.Nc3 Ne4 10.Nxd5 Na6 11.f3 Nexc5 12.O-O-O e6 13.Nc7+ Nxc7 14.Bxc7 Rc8 15.Bd6 b5
16.b3 bxc4 17.Bxc4 Na4 18.Rd2 Bb5 19.Rc2 Bxc4 20.bxc4 Kd7 21.c5 Rc6 22.Ne2 Nxc5
23.Rd1 Rhc8 24.Rxc5 Rxc5+ 25.Bxc5+ Ke8 26.Kd2 Rxc5 27.Rb1 Ra5 28.Rb8+ Ke7
29.Rb7+ Ke8 30.Rb8+ Ke7 31.Rb7+  1/2-1/2

[Event "New York op"]
[Site "New York"]
[Date "1998.03.21"]
[Round "8"]
[White "Yermolinsky, Alex"]
[Black "Shaked, Tal"]
[Result "1/2-1/2"]
[WhiteElo "2660"]
[BlackElo "2535"]

1.Nf3 c5 2.b3 d5 3.e3 Nf6 4.Bb2 e6 5.d4 Nc6 6.Nbd2 Be7 7.Bd3 O-O 8.O-O b6
9.a3 Bb7 10.Qe2 a5 11.Ne5 Ne8 12.f4 f5 13.g4 Nd6 14.Qg2 Nxe5 15.dxe5 Ne4
16.Rad1 Qe8 17.gxf5 exf5 18.Bxe4 dxe4 19.Nc4 Ba6 20.Rf2 Bxc4 21.bxc4 Rd8
22.Rd5 b5 23.Rfd2 bxc4 24.e6 Qg6 25.Rd7 Rxd7 26.Rxd7 Re8 27.Qxg6 hxg6 28.Ra7 Bf6
29.Bxf6 gxf6 30.Rxa5 Rxe6 31.Rxc5 Ra6 32.Rxc4 Rxa3 33.Kf2 Kg7 34.h4 g5 35.hxg5 fxg5
36.fxg5 Kg6 37.Rc8 Kxg5 38.Rg8+ Kf6 39.Rf8+ Ke6 40.Re8+ Kd5 41.Ke2  1/2-1/2

[Event "Keres mem"]
[Site "Tallinn/ Parnu"]
[Date "1998.06.26"]
[Round "6"]
[White "Yermolinsky, Alex"]
[Black "Short, Nigel D"]
[Result "1/2-1/2"]
[WhiteElo "2660"]
[BlackElo "2660"]

1.Nf3 d5 2.d4 Nf6 3.c4 e6 4.Nc3 Be7 5.Bg5 h6 6.Bh4 O-O 7.e3 b6 8.Rc1 Bb7
9.Bxf6 Bxf6 10.cxd5 exd5 11.Bd3 c5 12.O-O cxd4 13.Nxd4 Nc6 14.Nxc6 Bxc6 15.Ne2 Qd6
16.Qd2 Rad8 17.Rfd1 Rfe8 18.Bb1 g6 19.Nd4 Bd7 20.a3 Kg7 21.Ba2 h5 22.Rc3 Be5
23.h3 Bf6 24.Rd3 Ba4 25.b3 Bd7 26.b4 Ba4 27.Rb1 Rc8 28.Bb3 Bxb3 29.Nxb3 Red8
30.e4 Qe5 31.exd5 Rc4 32.d6 Rd7 33.Re1 Qf5 34.Rd1 Be5 35.Nd4 Qf6 36.Nf3 Bf4
37.Qe2 h4 38.Nh2 Qe5 39.Qxe5+ Bxe5 40.Ng4 f6 41.g3 hxg3 42.fxg3 Bb2 43.Kg2 b5
44.R1d2 Bc3 45.Re2 Bd4 46.Re7+ Rxe7 47.dxe7 Kf7 48.Ne3 Rc3 49.Rxc3 Bxc3 50.Nd5 Bb2
51.g4 Bxa3 52.h4 f5 53.gxf5 gxf5 54.h5 Bxb4 55.Nxb4 Kxe7 56.Kf3 a5 57.Nc6+ Kf6
58.Kf4 a4 59.Nb4 a3 60.Na2 b4 61.Nxb4 Kg7 62.Kxf5 Kh6 63.Kg4 Kg7 64.Kg5 Kh7
65.h6 Kg8 66.Kg6 Kh8 67.Na2 Kg8 68.Kg5 Kh7 69.Nc3 Kg8 70.Na2 Kh7 71.Kh5 Kh8  1/2-1/2

[Event "World op"]
[Site "Philadelphia"]
[Date "1998.06.28"]
[Round "2"]
[White "Yermolinsky, Alex"]
[Black "Shapiro, Daniel E"]
[Result "1-0"]
[WhiteElo "2660"]
[BlackElo "2295"]

1.Nf3 Nf6 2.c4 e6 3.Nc3 d5 4.d4 Be7 5.Bg5 h6 6.Bh4 O-O 7.e3 b6 8.Bd3 Bb7
9.O-O Nbd7 10.Bg3 c5 11.cxd5 Nxd5 12.Rc1 Nxc3 13.bxc3 Nf6 14.Qe2 Ne4 15.Bf4 Qc8
16.Ne5 Nf6 17.e4 Rd8 18.Rfd1 Nd7 19.Ng4 Bg5 20.Bxg5 hxg5 21.Ne3 Nf6 22.e5 Nd5
23.Qh5 Nf4 24.Qh7+ Kf8 25.Qh8+ Ke7 26.Qxg7 Nd5 27.Qxg5+ Kf8 28.Qh6+ Ke7 29.Nxd5+ Bxd5
30.Qf6+ Ke8 31.Qh8+ Ke7 32.Qh4+ Kf8  1-0

[Event "World op"]
[Site "Philadelphia"]
[Date "1998.06.29"]
[Round "3"]
[White "Epstein, Esther"]
[Black "Yermolinsky, Alex"]
[Result "1/2-1/2"]
[WhiteElo "2250"]
[BlackElo "2660"]

1.e4 c5 2.Nf3 d6 3.c3 Nf6 4.Bd3 Nc6 5.Bc2 Bg4 6.d3 g6 7.Nbd2 Bg7 8.h3 Bd7
9.O-O O-O 10.Re1 Qc7 11.Nf1 Rac8 12.Bg5 h6 13.Be3 b5 14.Qd2 Kh7 15.Rac1 Ne5
16.N3h2 Bc6 17.f4 Ned7 18.Nf3 Qb7 19.Bf2 e5 20.f5 d5 21.Ng3 Rcd8 22.Qe2 c4
23.Rcd1 Rfe8 24.fxg6+ fxg6 25.Nh4 Nf8 26.dxc4 bxc4 27.Bb1 dxe4 28.Rxd8 Rxd8
29.Qxc4 Rd2 30.b3 Rxf2 31.Kxf2 Qb6+ 32.Re3 Nd5 33.Nf1 Nxe3 34.Nxe3 Qb7 35.g3 Bf6
36.Nhg2 Kg7 37.h4 h5 38.a4 Nd7 39.Bc2 Nb6 40.Qe6 a5 41.Nc4 Nxc4 42.Qxc4 Bd8
43.Ne3 Bb6 44.Ke2 Ba7 45.Qe6 Kh7 46.Nc4 Bd5 47.Nxa5 Qa8 48.Qe7+ Kg8 49.Nc4 Qb8
50.Ne3 Qb6 51.Qe8+ Kg7 52.Qe7+ Kg8 53.Qe8+ Kg7 54.Qe7+ Kg8 55.Qe8+  1/2-1/2

[Event "World op"]
[Site "Philadelphia"]
[Date "1998.07.01"]
[Round "5"]
[White "Edelman, Daniel"]
[Black "Yermolinsky, Alex"]
[Result "0-1"]
[WhiteElo "2370"]
[BlackElo "2660"]

1.e4 c6 2.d4 d5 3.exd5 cxd5 4.Bd3 Nc6 5.c3 Nf6 6.Bf4 Bg4 7.Qb3 Qd7 8.Nd2 e6
9.Ngf3 Bxf3 10.Nxf3 Bd6 11.Bxd6 Qxd6 12.O-O O-O 13.Rfe1 Qc7 14.Qc2 Rfc8 15.Qe2 a6
16.Ne5 Nxe5 17.dxe5 Nd7 18.Qh5 g6 19.Qg5 Qd8 20.Qg3 Qf8 21.Re3 Qg7 22.Rae1 Nb6
23.Rf3 Nc4 24.Re2 b5 25.h4 Qh6 26.Rf4 Nb6 27.h5 Nd7 28.hxg6 hxg6 29.Re3 Qg7
30.Rh4 Rab8 31.Qh2 b4 32.f4 bxc3 33.bxc3 Rxc3 34.Reh3 Kf8 35.Rh7 Rc1+ 36.Kf2 Rb2+
37.Kf3 Rc3 38.Kg4 Nf6+ 39.Kg5 Nxh7+ 40.Rxh7 Rxg2+ 41.Qxg2 Qxh7 42.Bc2 Rh3
43.Qf2 Rh5+ 44.Kf6 Qh8+  0-1

[Event "World op"]
[Site "Philadelphia"]
[Date "1998.07.03"]
[Round "7"]
[White "Sherzer, Alex"]
[Black "Yermolinsky, Alex"]
[Result "0-1"]
[WhiteElo "2490"]
[BlackElo "2660"]

1.e4 c6 2.d4 d5 3.e5 Bf5 4.Nc3 e6 5.g4 Bg6 6.Nge2 Ne7 7.h4 h5 8.Nf4 hxg4
9.Nxg6 Nxg6 10.h5 c5 11.Be3 Nc6 12.Qxg4 cxd4 13.Bxd4 Nge7 14.Bd3 Nxd4 15.Qxd4 Nc6
16.Bb5 Qb6 17.Qxb6 axb6 18.Kd2 Bb4 19.a3 Bxc3+ 20.Kxc3 Ke7 21.f4 Rac8 22.Kd2 Nd4
23.Bd3 Rh6 24.a4 Kd7 25.Raf1 Rch8 26.c3 Nb3+ 27.Kc2 Nc5 28.Be2 g6 29.hxg6 Rxh1
30.g7 R1h2 31.Rf2 R2h7 32.gxh8=Q Rxh8 33.Bb5+ Ke7 34.Rg2 Kf8 35.Bf1 Ne4 36.Bd3 Rh4
37.Bxe4 dxe4 38.Rd2 Rxf4 39.Rd6 e3 40.Kd1 Re4 41.Rxb6 Rxe5 42.Rxb7 f5 43.Rd7 f4
44.Rd4 Rf5 45.Rc4 f3 46.Ke1 f2+ 47.Kf1 Rf3 48.a5 Rg3 49.Ke2 Rg1 50.Rf4+ Ke7
51.a6 Re1+ 52.Kd3 f1=Q+ 53.Rxf1 Rxf1 54.b4 Rd1+ 55.Kxe3 Kd6  0-1

[Event "North Bay op"]
[Site "North Bay"]
[Date "1998.08.05"]
[Round "2"]
[White "Milicevic, Goran"]
[Black "Yermolinsky, Alex"]
[Result "0-1"]
[WhiteElo "2370"]
[BlackElo "2625"]

1.d4 Nf6 2.Nf3 g6 3.Nc3 d5 4.Bf4 Bg7 5.h3 O-O 6.e3 c5 7.Be2 cxd4 8.exd4 Nc6
9.O-O Ne4 10.Ne5 Nxc3 11.bxc3 Nxe5 12.dxe5 Be6 13.Rb1 b6 14.Re1 Rc8 15.Qd2 Rc5
16.Rb4 Qc7 17.Bd3 Rc8 18.Qe3 Rxc3 19.Bh6 Qc5 20.Ra4 Qxe3 21.Bxe3 R3c7 22.f4 Bf5
23.g4 Bxd3 24.cxd3 e6 25.Kf2 f6 26.Bd4 Kf7 27.exf6 Bxf6 28.Ke3 Rf8 29.Bxf6 Kxf6
30.Kd4 h5 31.gxh5 gxh5 32.Re5 Ke7 33.f5 Rxf5 34.Rxf5 exf5 35.Ke5 Kd7 36.Kxf5 a5
37.Ke5 Kc6 38.Ra3 Re7+ 39.Kd4 Rf7 40.Rc3+ Kd6 41.Rb3 Rf4+ 42.Ke3 Rb4 43.Rxb4 axb4
44.Kd4 h4 45.Ke3 Kc5  0-1

[Event "North Bay op"]
[Site "North Bay"]
[Date "1998.08.06"]
[Round "3"]
[White "Yermolinsky, Alex"]
[Black "Tyomkin, Dimitri"]
[Result "1/2-1/2"]
[WhiteElo "2625"]
[BlackElo "2465"]

1.Nf3 d5 2.d4 c6 3.c4 e6 4.Qc2 dxc4 5.Qxc4 b5 6.Qc2 Bb7 7.e3 Nd7 8.a4 a6
9.Nbd2 b4 10.b3 Ngf6 11.Bb2 c5 12.Rd1 Rc8 13.Nc4 Qc7 14.Be2 Be7 15.O-O O-O
16.dxc5 Bxc5 17.Ng5 h6 18.Nf3 Be7 19.Nd4 Ne5 20.Qd2 Ne4 21.Qe1 Nxc4 22.Bxc4 Nd6
23.Bd3 e5 24.Nf5 Nxf5 25.Bxf5 Rcd8 26.Qe2 Rxd1 27.Rxd1 Rd8 28.Rxd8+ Qxd8
29.Qc2 Qd5 30.f3 Qc5 31.Kf2 Qxc2+ 32.Bxc2 f6 33.Be4 Bxe4 34.fxe4 Kf7 35.g4 Ke6
36.h4 g5  1/2-1/2

[Event "North Bay op"]
[Site "North Bay"]
[Date "1998.08.06"]
[Round "4"]
[White "Yermolinsky, Alex"]
[Black "Burnett, Ronald"]
[Result "1/2-1/2"]
[WhiteElo "2625"]
[BlackElo "2395"]

1.d4 Nf6 2.c4 e6 3.Nc3 Bb4 4.e3 b6 5.Ne2 Ba6 6.a3 Bxc3+ 7.Nxc3 d5 8.b3 Nc6
9.Be2 O-O 10.O-O Na5 11.Rb1 Qd7 12.a4 Rae8 13.cxd5 Nxd5 14.Nxd5 Bxe2 15.Nf6+ gxf6
16.Qxe2 e5 17.Qf3 Qc6 18.d5 Qd6 19.e4 c5 20.Qh5 f5 21.Qxf5 Qg6 22.Qf3 Nb7
23.Bb2 Nd6 24.Rfe1 Re7 25.Re3 Kh8 26.Rbe1 Rg8 27.Qh3 Qg4 28.Qxg4 Rxg4 29.h3 Rg8
30.f4 f6 31.Rf1 Kg7 32.g4 h6 33.Kg2 Rge8 34.h4 Kg6 35.f5+ Kf7 36.Kf3 Rg8
37.Rg1 a5 38.Re2 Ke8 39.Reg2 Nf7 40.Bc1 Rc7 41.Be3 Kd7 42.Rc2 Rgc8 43.Rcg2 Rh8
44.g5 hxg5 45.hxg5 fxg5 46.Bxg5 Rh3+ 47.Ke2 c4 48.Be3 cxb3 49.Rg7 Rc3 50.Rxf7+ Ke8
51.Rb7 Rhxe3+  1/2-1/2

[Event "Elista ol (Men)"]
[Site "Elista"]
[Date "1998.10.01"]
[Round "3"]
[White "Sorokin, Maxim"]
[Black "Yermolinsky, Alex"]
[Result "1/2-1/2"]
[WhiteElo "2570"]
[BlackElo "2625"]

1.c4 Nf6 2.Nc3 g6 3.g3 Bg7 4.Bg2 O-O 5.d4 Nc6 6.e4 e5 7.dxe5 Nxe5 8.b3 d6
9.h3 Re8 10.Nge2 Ned7 11.Be3 Nc5 12.Bxc5 dxc5 13.Qxd8 Rxd8 14.O-O c6 15.Rad1 Be6
16.f4 Ne8 17.e5 Bf5 18.g4 Bd3 19.g5 Nc7 20.Kf2 Ne6 21.Ke3 Bxe2 22.Nxe2 Bf8
23.h4 Nd4 24.Nxd4 Rxd4 25.Rxd4 cxd4+ 26.Kd3 h6 27.Kxd4 Rd8+ 28.Ke3 Bc5+ 29.Ke2 hxg5
30.hxg5 Bb4 31.Rd1 Rxd1 32.Kxd1 Kf8 33.Ke2 Ke7 34.Kd3 Ba3 35.Ke4 Bc1 36.a4 a5
37.Bh3 b6 38.Bc8 Bd2 39.Bb7 Kd7 40.Kf3 Bc1 41.Kg4 Bb2 42.Ba6 Bc3 43.Kf3  1/2-1/2

[Event "National Congress 29th"]
[Site "Philadelphia"]
[Date "1998.11.29"]
[Round "5"]
[White "Kudrin, Sergey"]
[Black "Yermolinsky, Alex"]
[Result "0-1"]
[WhiteElo "2540"]
[BlackElo "2625"]

1.e4 c5 2.Nf3 d6 3.d4 cxd4 4.Nxd4 Nf6 5.Nc3 Nc6 6.Bg5 e6 7.Qd2 a6 8.Be2 Be7
9.Rd1 O-O 10.O-O Rb8 11.Nb3 b5 12.Bxf6 Bxf6 13.Qxd6 Qxd6 14.Rxd6 Nb4 15.Na5 Be5
16.Rdd1 Bc7 17.Nb3 Be5 18.Na5 Bb7 19.Nxb7 Rxb7 20.a4 Bxc3 21.bxc3 Na2 22.axb5 Nxc3
23.Rd2 axb5 24.e5 Rc7 25.f4 Nxe2+ 26.Rxe2 Rc4 27.g3 Rfc8 28.Rb1 b4 29.Kf2 h6
30.Rb2 g5 31.fxg5 hxg5 32.h3 Kg7 33.Kg2 Ra8 34.Re3 Ra3 35.Kf3 Rxe3+ 36.Kxe3 Kg6
37.g4 Rc3+ 38.Ke4 Rxh3 39.Rxb4 Rg3 40.c4 Rxg4+ 41.Kd3 Kf5 42.Rb7 Kxe5 43.Rxf7 Rd4+
44.Kc3 Rd8 45.Rf1 g4 46.Re1+ Kf6 47.Rg1 Kf5 48.Rf1+ Ke5 49.Re1+ Kd6 50.Rd1+ Ke7
51.Rg1 Rg8 52.Rg3 Kd6 53.Kd4 Rg6 54.Ke4 Kc5 55.Kd3 Rg8 56.Kc3 Rg5 57.Kd3 e5
58.Kc3 e4 59.Rg1 g3 60.Ra1 Rg4 61.Ra5+ Kb6 62.Rb5+ Kc6 63.Rb1 g2 64.Rg1 Kc5
65.Kd2 Kxc4 66.Ke3 Kd5 67.Kf2 Ke5 68.Ke3 Rg3+ 69.Ke2 Kf4 70.Kf2 Rf3+ 71.Ke2 Kg3  0-1

[Event "Groningen Festival"]
[Site "Groningen"]
[Date "1998.12.22"]
[Round "3"]
[White "Yermolinsky, Alex"]
[Black "Asrian, Karen"]
[Result "1/2-1/2"]
[WhiteElo "2625"]
[BlackElo "2600"]

1.d4 d5 2.c4 e6 3.Nc3 Nf6 4.Bg5 Be7 5.e3 h6 6.Bh4 O-O 7.Nf3 b6 8.Bd3 Bb7
9.O-O Nbd7 10.Bg3 c5 11.cxd5 exd5 12.Qc2 Rc8 13.Bf5 cxd4 14.exd4 Ne4 15.Qa4 Bc6
16.Qb3 Nxc3 17.bxc3 g6 18.Bd3 Bb7 19.Rfe1 Kg7 20.Rad1 Nf6 21.Bh4 Ne4 22.Bxe7 Qxe7
23.Bxe4 dxe4 24.d5 Qf6 25.Nd4 Rc5 26.c4 Ba6 27.Nb5 Bxb5 28.cxb5 Rd8 29.a4 Qe5
30.f3 Rcxd5 31.Rxd5 Rxd5 32.Rxe4 Qa1+ 33.Kf2 Rd2+ 34.Kg3 Qf6 35.h4 Qd6+ 36.Kh3 Rd1
37.Qc3+ Kh7 38.Qe5 Qxe5  1/2-1/2

[Event "Groningen Festival"]
[Site "Groningen"]
[Date "1998.12.28"]
[Round "8"]
[White "Asrian, Karen"]
[Black "Yermolinsky, Alex"]
[Result "1/2-1/2"]
[WhiteElo "2600"]
[BlackElo "2625"]

1.e4 c5 2.Nf3 d6 3.d4 cxd4 4.Nxd4 Nf6 5.Nc3 e6 6.Be2 a6 7.O-O Be7 8.a4 O-O
9.f4 Qc7 10.Kh1 b6 11.Bf3 Bb7 12.e5 dxe5 13.fxe5 Nfd7 14.Bxb7 Qxb7 15.Bf4 Nc6
16.Qf3 Rac8 17.Rad1 Kh8 18.Bg3 Nc5 19.Nxc6 Rxc6 20.Rd4 f5 21.exf6 Rxf6 22.Qd1 Rc8
23.Rxf6 Bxf6 24.Be5 Rg8 25.Qe2 a5 26.Nb5 Bxe5 27.Qxe5 Rf8 28.h3 h6 29.Nd6 Qc7
30.b3 Rf1+ 31.Kh2 Rf2  1/2-1/2

[Event "World op"]
[Site "Philadelphia"]
[Date "1998.??.??"]
[Round "9"]
[White "Kreiman, Boris"]
[Black "Yermolinsky, Alex"]
[Result "1/2-1/2"]
[WhiteElo "2445"]
[BlackElo "2660"]

1.e4 c5 2.Nf3 e6 3.d4 cxd4 4.Nxd4 Nf6 5.Nc3 d6 6.Bc4 Be7 7.Bb3 Na6 8.f4 Nc5
9.Qf3 e5 10.Nde2 Qa5 11.Bd2 Nxb3 12.cxb3 Qa6 13.f5 b5 14.Bg5 Bb7 15.Bxf6 Bxf6
16.b4 Qb6 17.Rd1 Ke7 18.Nd5+ Bxd5 19.Rxd5 Rhc8 20.Nc3 Kf8 21.Qd3 a5 22.Rxd6 Rc6
23.Rxc6 Qxc6 24.Qd5 Qxd5 25.Nxd5 axb4 26.Kd2 Rxa2 27.Kc2 Ra8 28.Kb3 Rc8 29.Ra1 Ke8
30.Kxb4 Rc2 31.Kxb5 Rxb2+ 32.Kc6 Re2 33.Ra7 Bd8 34.Nc7+  1/2-1/2

[Event "Hoogovens 5'"]
[Site "Wijk aan Zee"]
[Date "1999.01.18"]
[Round "12"]
[White "Van Wely, Loek"]
[Black "Yermolinsky, Alex"]
[Result "1-0"]
[WhiteElo "2636"]
[BlackElo "2597"]

1.Nf3 Nf6 2.c4 c5 3.Nc3 Nc6 4.g3 d5 5.d4 cxd4 6.Nxd4 dxc4 7.Nxc6 Qxd1+ 8.Nxd1 bxc6
9.Ne3 Ba6 10.Bg2 Rc8 11.Bd2 Nd7 12.Rc1 Nb6 13.b3 cxb3 14.axb3 Bb5 15.Nf5 e6
16.Nd4 Ba3 17.Rc2 O-O 18.O-O Nd5 19.Ra1 Be7 20.Rxa7 Bf6 21.Nxb5 cxb5 22.Rxc8 Rxc8
23.Bxd5 exd5 24.Rb7 h6 25.Rxb5 d4 26.Bf4 Rc2 27.Kf1 g5 28.Bd6 Rc1+ 29.Kg2 Rc2
30.Rb8+ Kg7 31.Re8 d3 32.exd3 Bd4 33.Be5+ Bxe5 34.Rxe5 Rc3 35.b4 Rxd3 36.Re3 Rd5
37.Rb3 Rb5 38.Kf3 Kf6 39.Ke4 Ke6 40.Kd4 Kd6 41.Kc4 Kc6 42.g4 Re5 43.Re3 Rd5
44.Rf3 Re5 45.Rf6+ Kd7 46.Rxf7+ Ke6 47.Rh7 Re4+ 48.Kc5 Rxg4 49.Rxh6+ Kf5
50.b5 Rg2 51.Rh8 Kg6 52.Rf8 Rg1 53.b6 Rc1+ 54.Kb5 Rb1+ 55.Kc6  1-0

[Event "Hoogovens 5'"]
[Site "Wijk aan Zee"]
[Date "1999.01.18"]
[Round "13"]
[White "Yermolinsky, Alex"]
[Black "Kasimdzhanov, Rustam"]
[Result "0-1"]
[WhiteElo "2597"]
[BlackElo "2595"]

1.d4 Nf6 2.c4 e6 3.Nc3 Bb4 4.Bg5 h6 5.Bh4 b6 6.e3 Bb7 7.Ne2 O-O 8.a3 Be7
9.Bg3 d5 10.cxd5 exd5 11.Nf4 Nbd7 12.Bd3 Re8 13.O-O a5 14.Rc1 Nf8 15.Qc2 c6
16.Rfd1 Bd6 17.Nfe2 Bxg3 18.Nxg3 Ne6 19.Qb3 Rb8 20.Qc2 Qd6 21.Nf5 Qf8 22.Na4 Ba8
23.Qd2 g6 24.Ng3 h5 25.h3 Qd6 26.b4 axb4 27.Qxb4 c5 28.dxc5 bxc5 29.Qh4 Nd7
30.Nc3 Qe5 31.Bb5 Red8 32.Bxd7 Rxd7 33.Nce2 Ra7 34.Nf4 c4 35.Nxe6 Qxe6 36.Ne2 Rxa3
37.Nd4 Qe5 38.Ra1 Qd6 39.Rxa3 Qxa3 40.Qf6 Re8 41.e4 Rxe4 42.Rb1 Qf8  0-1